000 00357nam a2200157Ia 4500
100 _aChetty/P.R.K
650 _aElectrical Engineering
942 _cBK
654 _aPower Supply Design
245 _aSwitch-Mode Power Supply Design
260 _bB.P.B. Pub.
_aDelhi
_c1987
082 _a621.3
_bChe
300 _a179
546 _aENGLISH
999 _c29863
_d29863